000 00844nam a2200229Ia 4500
001 9927
003 GE_BSU
008 181216s||||||||xx |||||||||||||| ||und||
040 _cGE_BSU
080 _a821.353.1–32
100 _aმრევლიშვილი,მიხეილ
245 _aთხზულებანი ორ ტომად.ტ.1
245 _bმოთხრობები
245 _cრედ.ს.დემურხანაშვილი.მხატვ.ო.ჯიშკარიანი,ბოლოსიტყვ.გ.ციციშვილისა
260 _aთბილისი
260 _bმერანი
260 _c1971
300 _a582გვ.1ფ.პორტრ.20სმ.
653 _aთხზულებანი
653 _aმოთხრობები
942 _cBK
999 _c43202
_d43202